000 01011nam a2200277 a 4500
001 BRCA_7098
005 20190320205718.0
008 271211s19111919gw-ac#####---#000-0#ger-#
041 _ager
044 _agw
050 4 _aDD218
_b.A14 1911-1919
100 1 _aBismarck, Otto
_cFürst von
_d1815-1898
_917211
245 1 0 _aGedanken und Erinnerungen
_cvon Otto Fürst von Bismarck
250 _aVolksausgabe
260 _aStuttgart y Berlín
_bJ.G. Cotta’sche Buchhandlung Nachfolger
_c1911-1919
300 _a3 v.
_bil.
_c19 cm. (v.1 y 2) ; 24 cm. (v.3)
500 _aInicio de la publicación 1911
500 _aEl v.3 se publico en 1919. Ejemplar con dedicatoria a Franz Mayer por Carl [Meriny]
500 _aO109
651 4 _aAlemania
_xHistoria
_y1789-1900
_917634
651 4 _aAlemania
_xPolítica y gobierno
_y1789-1900
_917635
651 4 _aPrusia (Alemania)
_xPolítica y gobierno
_y1815-1870
_917636
651 4 _aEuropa
_xPolítica y gobierno
_y1789-1900
_917637
902 _aGFM
942 _2lcc
_cB
999 _c6779
_d6779